000 01250nam a2200301 i 4500
001 000028731
003 DO-SdBNP
005 20250116073944.0
007 ta
008 110411s1995 dr d 000 0 spa d
040 _aDO-SdBNP
_bspa
_cBNPHU
_erda
082 _a370.97293021
_bE79e
_222
110 1 _aRepública Dominicana.
_bSecretaría de Estado de Educación, Bellas Artes y Cultos
_923965
245 0 0 _aEstadísticas educativas :
_bperíodos lectivos 1990-1991 a 1993-1994 /
_cprólogo Ramón Morrison, presentación José Andrés Aybar Sánchez.
246 1 4 _aEstadísticas educativas, 1990-1994
264 _aSanto Domingo :
_bSecretaría de Estado de Educación, Bellas Artes y Cultos,
_c1995.
300 _a90 paginas :
_bilustraciones ;
_c28 cm.
336 _2rdacontent
_atexto
_btxt
337 _2rdamedia
_asin mediación
_bn
338 _2rdacarrier
_avolumen
_bnc
590 _aInventariado, 2018/VM
650 4 _aEducación
_zRepública Dominicana
_xEstadísticas
_y1990-1991
_955724
650 4 _aEducación
_zRepública Dominicana
_xEstadísticas
_y1993-1994
_955725
700 1 2 _aMorrison, Ramón,
_epról.
_917447
700 1 2 _aAybar Sánchez, José Andés,
_955726
910 _aValidado. Control de calidad MFF
942 _2ddc
_cLBS1
999 _c28223
_d28223